Central Library OPAC University of Rajshahi

Organic chemistry / (Record no. 73656)

MARC details
000 -LEADER
fixed length control field 00752nam a2200241 a 4500
001 - CONTROL NUMBER
control field 73656
003 - CONTROL NUMBER IDENTIFIER
rucl marc code BD-RjUL
005 - DATE AND TIME OF LATEST TRANSACTION
control field 20211209082425.0
008 - FIXED-LENGTH DATA ELEMENTS--GENERAL INFORMATION
fixed length control field 170606r19611956nyua 001 0 eng d
035 ## - SYSTEM CONTROL NUMBER
System control number (BD-RjUL)73874
040 ## - CATALOGING SOURCE
Original cataloging agency DLC
Transcribing agency ODaWU
Modifying agency OCoLC
-- Uk
-- DLC
-- BD-RjUL
Language of cataloging eng
041 ## - LANGUAGE CODE
Language code of text/sound track or separate title eng
082 ## - DEWEY DECIMAL CLASSIFICATION NUMBER
Classification number 547
Edition number 23
Author mark and year FIO 1961
100 1# - MAIN ENTRY--PERSONAL NAME
Personal name Fieser, Louis F.
Fuller form of name (Louis Frederick),
Dates associated with a name 1899-1977.
9 (RLIN) 218022
245 10 - TITLE STATEMENT
Title Organic chemistry /
Statement of responsibility, etc. Louis F. Fieser and Mary Fieser.
250 ## - EDITION STATEMENT
Edition statement 3d ed.
260 ## - PUBLICATION, DISTRIBUTION, ETC. (IMPRINT)
Place of publication, distribution, etc. New York :
Name of publisher, distributor, etc. Reinhold,
Date of publication, distribution, etc. c1956 [Printing 1961]
300 ## - PHYSICAL DESCRIPTION
Pagination 1112 p. :
Illustrations ill. ;
Size 25 cm.
500 ## - GENERAL NOTE
General note Includes index.
650 #0 - SUBJECT ADDED ENTRY--TOPICAL TERM
Topical term or geographic name as entry element Chemistry, Organic.
9 (RLIN) 218023
700 1# - ADDED ENTRY--PERSONAL NAME
Personal name Fieser, Mary,
Dates associated with a name 1909-1997,
Relator term joint author.
942 ## - ADDED ENTRY ELEMENTS (KOHA)
Source of classification or shelving scheme Dewey Decimal Classification
Koha item type Books
Holdings
Lost status Source of classification or shelving scheme Damaged status Not for loan Collection code Permanent Location Current Location Shelving location Date acquired Source of acquisition Cost, normal purchase price Total Checkouts Full call number Date last seen Copy number Koha item type
  Dewey Decimal Classification   Not For Loan Non-fiction Central Library, University of Rajshahi Central Library, University of Rajshahi Reading Room 31/01/1963 Zeitlinger 46.00   547 FIO 1961 06/06/2017 C-1 Books
  Dewey Decimal Classification     Non-fiction Central Library, University of Rajshahi Central Library, University of Rajshahi   24/05/1957 Pub. United Ltd. 32.40   547 FIO 1956 06/06/2017 C-2 Books
  Dewey Decimal Classification     Non-fiction Central Library, University of Rajshahi Central Library, University of Rajshahi   25/04/1995 British council, Rajshahi     547 FIO 1963 12/06/2017 C-3 Books